[Event "SVK-chT rapid"]
[Site "Poprad"]
[Date "2025.??.??"]
[Round "7.24"]
[White "Kubica, Peter"]
[Black "Chladek, Adam"]
[Result "1-0"]
[WhiteElo "1723"]
[BlackElo "1525"]
[PlyCount "69"]
[EventDate "2025.05.04"]
[EventType "team-swiss (rapid)"]
[EventRounds "7"]
[EventCountry "SVK"]
[SourceTitle "CB19_2025"]
[SourceDate "2025.05.07"]
[SourceVersion "1"]
[SourceVersionDate "2025.05.07"]
[SourceQuality "1"]

1. d4 d5 2. Nf3 Bf5 3. e3 a6 4. Bd3 Bg6 5. Ne5 e6 6. Nxg6 hxg6 7. Nd2 Nc6 8. c3 Qd7 9. b4 b5 10. a4 Na7 11. Qe2 c6 12. axb5 axb5 13. Nb3 Nf6 14. f3 Bd6 15. h3 Nh5 16. Rg1 f5 17. f4 Qe7 18. Qf2 g5 19. fxg5 Qxg5 20. e4 Qe7 21. e5 Bc7 22. h4 g6 23. Bg5 Qf8 24. Nc5 Ng7 25. Kd2 Bd8 26. Ra6 Bxg5+ 27. hxg5 Qe7 28. Rga1 Qxg5+ 29. Kc2 Qe7 30. Kb3 0-0 31. Qa2 Qg5 32. Rxa7 Rxa7 33. Qxa7 Qxg2 34. Qc7 f4 35. Ra7 1-0

[Event "SVK-chT rapid"]
[Site "Poprad"]
[Date "2025.??.??"]
[Round "4.24"]
[White "Mego, Peter"]
[Black "Kubica, Peter"]
[Result "1-0"]
[WhiteElo "1826"]
[BlackElo "1723"]
[PlyCount "51"]
[EventDate "2025.05.04"]
[EventType "team-swiss (rapid)"]
[EventRounds "7"]
[EventCountry "SVK"]
[SourceTitle "CB19_2025"]
[SourceDate "2025.05.07"]
[SourceVersion "1"]
[SourceVersionDate "2025.05.07"]
[SourceQuality "1"]

1. d4 d5 2. Nf3 Nf6 3. c3 g6 4. g3 Bg7 5. Bg2 0-0 6. 0-0 c6 7. Re1 Re8 8. Nbd2 Bg4 9. e4 Nxe4 10. Nxe4 dxe4 11. Rxe4 Bf5 12. Re1 Na6 13. Qb3 Qc8 14. Ng5 e6 15. Ne4 Bxe4 16. Bxe4 Qd7 17. Bf4 h6 18. Rad1 g5 19. Be3 Rac8 20. Qc2 Nc7 21. Qb3 Nd5 22. Bb1 Nxe3 23. Rxe3 f5 24. Rde1 Kf7 25. Bxf5 Kf8 26. Bxe6 1-0

[Event "SVK-chT2D 2324"]
[Site "Slovakia"]
[Date "2024.03.16"]
[Round "10.8"]
[White "Kubica, Peter"]
[Black "Dragula, Miroslav"]
[Result "1/2-1/2"]
[WhiteElo "1806"]
[BlackElo "1489"]
[PlyCount "36"]
[EventDate "2023.10.07"]
[EventType "team-tourn"]
[EventRounds "11"]
[EventCountry "SVK"]
[SourceTitle "EXT 2025"]
[Source "ChessBase"]
[SourceDate "2024.10.14"]
[SourceVersion "1"]
[SourceVersionDate "2024.10.14"]
[SourceQuality "1"]
[WhiteTeam "Poprad LS VD"]
[BlackTeam "Presov Slavia PU"]
[WhiteTeamCountry "SVK"]
[BlackTeamCountry "SVK"]

1. d4 e6 2. Nf3 d5 3. e3 f5 4. Ne5 Nf6 5. Nd2 Be7 6. Bd3 0-0 7. 0-0 Qe8 8. f4 Nbd7 9. Ndf3 Ne4 10. Bb5 c6 11. Ba4 Ndf6 12. Bb3 Qh5 13. Qe1 c5 14. c3 Bd7 15. Nxd7 Nxd7 16. Bd1 Qh6 17. Qe2 c4 18. Nd2 Ndf6 1/2-1/2